00593nam a2200145 a 4500008004100000050001500041100002000056245006900076260003200145300002000177350000900197995009300206999001700299952013100316120416s1964 ||||||||||||||||| || u aTA 355 Set aSeto, William W10aSchaum's outline of theory and problems of mechanical vibrations aNew YorkbMcGraw-Hillc1964 a(7) 199p. : ill a0.00 D0.00FCBU-MAIN LIBRARY (Kitwe)H1I1.90M1UDAMAGEDZMain Library Open Access Collection c57031d57031 00102lcc4070a001b001cMain Library Open Access Collectiond2022-11-30l0oTA 355 Setp014110r2022-11-30w2022-11-30y002